Lý thuyết ổn định Giáo trình dành cho sinh viên cao học hướng giải tích

Đã lưu trong:
Bibliografiske detaljer
Hovedforfatter: Nguyễn Cang (Tác giả)
Format: Bog
Udgivet: TP. Hồ Chí Minh Đại học quốc gia thành phố Hồ Chí Minh 2002
Fag:
Tags: Tilføj Tag
Ingen Tags, Vær først til at tagge denne postø!
Thư viện lưu trữ: Mạng thư viện Đại học Đà Nẵng
LEADER 01286nam a2200361 4500
001 000008014
003 4195
005 20111019081058.0
008 111013s2002 sd
020 |c 11500đ 
082 |a 515  |b NG-C 
100 0 |a Nguyễn Cang 
245 0 |a Lý thuyết ổn định  |b Giáo trình dành cho sinh viên cao học hướng giải tích  |c Nguyễn Cang 
260 |a TP. Hồ Chí Minh  |b Đại học quốc gia thành phố Hồ Chí Minh  |c 2002 
300 |a 209 tr  |c 21 cm 
500 |a ĐTTS: Đai Học Quốc Gia TP. HCM -Trường Đai Học Khoa Học Tự Nhiên 
653 |a lý thuyết ổn định 
653 |a Giáo trình 
653 |a sinh viên 
653 |a cao học 
653 |a hướng giải tích 
700 |a Nguyễn Cang  |e Tác giả 
910 |a duyên  |d 13/10/2011 
OWN |a LSP 
AVA |a UDN50  |b LSP  |d 515 NG-C  |e available  |t Error 5001 Not defined in file expand_doc_bib_avail.  |f 4  |g 0  |h N  |i 0  |k 1 
999 |a From the UDN01 
AVA |a UDN50  |b LSP  |d 515 NG-C  |e available  |t Error 5001 Not defined in file expand_doc_bib_avail.  |f 4  |g 0  |h N  |i 0  |k 1 
TYP |a Monograph 
TYP |a Printed language 
980 |a Mạng thư viện Đại học Đà Nẵng